000 00451nam a2200181Ia 4500
005 20250423094344.0
008 250422s9999 xx 000 0 und d
020 _a9780486654072
050 _aTA 405 .D46/
100 _aDen Hartog J.P.
245 0 _aAdvanced strength of materials.
260 _aNew York
260 _bDOVER Publications, INC.
260 _c2020
300 _a378 p
650 _aAdvanced strength of materials
942 _cBK
999 _c26995
_d26995